000 00298nam a2200133Ia 4500
008 230818s9999 xx 000 0 und d
041 _aeng
100 _aGoodall
245 _aFrom pasta to pancakes
260 _bQuantum pub
300 _a160p
520 _aGeneral
999 _c853054
_d853054
650 _aFood Production